| 000 | 01113pam a2200301 a 4500 | ||
|---|---|---|---|
| 001 | 4019190 | ||
| 003 | OSt | ||
| 005 | 20160418155354.0 | ||
| 008 | 971218s1998 enka 001 0 eng | ||
| 010 | _a 97052150 | ||
| 020 | _a0198559119 (pbk.) | ||
| 040 |
_aDLC _cDLC _dDLC |
||
| 050 | 0 | 0 |
_aQD504 _b.M23 1998 |
| 082 | 0 | 0 |
_a536 _221 _bMAC 1998 |
| 100 | 1 |
_aMaczek, Andrew. _96589 |
|
| 245 | 1 | 0 |
_aStatistical thermodynamics / _cAndrew Maczek. |
| 260 |
_aOxford ; _aNew York : _bOxford University Press, _c1998. |
||
| 300 |
_a92 p. : _bill. ; _c25 cm. |
||
| 440 | 0 |
_aOxford chemistry primers ; _v58 _98015 |
|
| 500 | _aIncludes index. | ||
| 650 | 0 |
_aStatistical thermodynamics. _94930 |
|
| 650 | 0 |
_aChemistry, Physical and theoretical. _92922 |
|
| 856 | 4 | 2 |
_3Publisher description _uhttp://www.loc.gov/catdir/enhancements/fy0604/97052150-d.html |
| 856 | 4 | 1 |
_3Table of contents only _uhttp://www.loc.gov/catdir/enhancements/fy0604/97052150-t.html |
| 906 |
_a7 _bcbc _corignew _d1 _eocip _f19 _gy-gencatlg |
||
| 942 |
_2ddc _cSLOAN |
||
| 999 |
_c3589 _d3589 |
||